| 000 | 00485nam a22001817a 4500 | ||
|---|---|---|---|
| 003 | DO-SdBNP | ||
| 005 | 20220127100300.0 | ||
| 007 | ta | ||
| 008 | 220127b2021 ||||| |||| 00| 0 spa d | ||
| 040 |
_aDO-SdBNP _bspa _cBNPHU |
||
| 082 |
_axxx _bF634d |
||
| 245 |
_aEl diario vivir : _bparte 1 un refrigerio para la consciencia |
||
| 260 |
_aSanto Domingo : _bSoto Castillo, _c2021 |
||
| 300 |
_a172 p. ; _c24 cm |
||
| 590 | _aInventariado, 2022 / DG | ||
| 910 | _aDG | ||
| 942 |
_2ddc _cLBS1 |
||
| 999 |
_c51239 _d51239 |
||